[Event "DEM U10/U10w 2004"]
[Site "Willingen GER"]
[Date "2004.06.02"]
[Round "6"]
[White "Rozenfeld, Elisabeth"]
[Black "Strohmann, Marc"]
[Result "0-1"]
[Termination "normal"]
[Board "26"]
[WhiteElo "988"]
[BlackElo "1248"]
[PlyCount "90"]
[WhiteFideId "4624742"]
[EventCountry "GER"]
[EventRounds "11"]
[EventType "swiss"]
[EventDate "2004.05.29"]

1. e4 c6 2. d4 d5 3. Nc3 dxe4 4. Nxe4 Bf5 5. Ng3 Bg6 6. f4 h6 7. Nf3 e6 8. Bd3
Bxd3 9. Qxd3 c5 10. c3 cxd4 11. Nxd4 Nc6 12. Be3 Nge7 13. O-O Rc8 14. Qc2 Nxd4
15. Bxd4 Qxd4+ 16. Kh1 Qd5 17. Qa4+ Nc6 18. b4 a6 19. Rad1 Qc4 20. f5 e5 21.
Rfe1 Qxc3 22. b5 axb5 23. Qxb5 Rb8 24. Rc1 Qb4 25. Rxe5+ Be7 26. h3 Qxb5 27.
Rxb5 O-O 28. Ne4 g6 29. f6 Bb4 30. Rb1 Rfe8 31. Ng3 Re1+ 32. Rxe1 Bxe1 33. Ne2
Bh4 34. Nf4 Bxf6 35. Nd5 Bd8 36. Kh2 Ne7 37. Nf6+ Kg7 38. Ne8+ Kf8 39. Nf6 Ra8
40. Nd7+ Kg7 41. Rxb7 Rxa2 42. Rb8 Bc7+ 43. Ne5 Bxe5+ 44. Kh1 Ra1+ 45. Rb1
Rxb1# 0-1

[Event "DEM U10/U10w 2004"]
[Site "Willingen GER"]
[Date "2004.06.02"]
[Round "6"]
[White "Ohnesorg, Felix"]
[Black "Sancar, Alina"]
[Result "1-0"]
[Termination "normal"]
[Board "27"]
[WhiteElo "1226"]
[BlackElo "992"]
[PlyCount "143"]
[WhiteFideId "24653578"]
[BlackFideId "4624750"]
[EventCountry "GER"]
[EventRounds "11"]
[EventType "swiss"]
[EventDate "2004.05.29"]

1. e4 e5 2. Nf3 Nc6 3. Bb5 a6 4. Bxc6 dxc6 5. O-O Bg4 6. h3 Bh5 7. d3 Bc5 8.
Be3 Bd6 9. Nbd2 Nf6 10. c3 c5 11. Qb3 b6 12. Ng5 h6 13. Ngf3 O-O 14. Rfe1 Nd7
15. Rad1 Kh8 16. Rc1 f6 17. Nh4 Bf7 18. Qc2 Kg8 19. Nf5 Be6 20. Ng3 Qe7 21. Nf3
Qf7 22. Nh4 Bxa2 23. c4 b5 24. b3 bxc4 25. bxc4 Bxc4 26. Qxc4 Qxc4 27. Rxc4 Nb6
28. Rc2 Na4 29. Ra1 Nb6 30. Bxc5 Bxc5 31. Rxc5 Rfc8 32. Rca5 Rd8 33. Rxa6 Rxa6
34. Rxa6 Rxd3 35. Ra7 Rd1+ 36. Kh2 Rd2 37. f3 Rc2 38. Ngf5 Kh7 39. Ne3 Re2 40.
Nd5 Nxd5 41. exd5 Rd2 42. Rxc7 Rxd5 43. Nf5 Rd2 44. Rxg7+ Kh8 45. Rg6 Rc2 46.
Rxh6+ Kg8 47. Rxf6 Rc4 48. Rc6 Rf4 49. Ne3 Rf7 50. Re6 e4 51. Rxe4 Kg7 52. Kg3
Kg6 53. h4 Kh6 54. Kh3 Rg7 55. g4 Kg6 56. Kg3 Kf6 57. Nd5+ Kg6 58. Nf4+ Kf6 59.
Nh5+ Kf7 60. Nxg7 Kxg7 61. h5 Kf7 62. Kh4 Kf6 63. f4 Kg7 64. g5 Kh7 65. f5 Kg7
66. h6+ Kh7 67. f6 Kg6 68. Re7 Kf5 69. f7 Kg6 70. h7 Kxh7 71. f8=Q+ Kg6 72.
Qf6# 1-0

[Event "DEM U10/U10w 2004"]
[Site "Willingen GER"]
[Date "2004.06.02"]
[Round "6"]
[White "Albrecht, Michele"]
[Black "Lebeda, Timo"]
[Result "0-1"]
[Termination "normal"]
[Board "28"]
[WhiteElo "922"]
[BlackElo "1205"]
[PlyCount "74"]
[BlackFideId "4638565"]
[EventCountry "GER"]
[EventRounds "11"]
[EventType "swiss"]
[EventDate "2004.05.29"]

1. e4 e5 2. Nf3 Nc6 3. Nc3 Nf6 4. Bb5 Bc5 5. h3 d6 6. d3 Be6 7. Bg5 Qd7 8. O-O
h6 9. Bxf6 gxf6 10. Nd5 Qd8 11. Bxc6+ bxc6 12. Nc3 Qd7 13. d4 exd4 14. Nxd4
O-O-O 15. Na4 Bb6 16. Nxb6+ axb6 17. Nxe6 Qxe6 18. Re1 Rhg8 19. Re3 Rg7 20. Qh5
Rg6 21. Qf5 Rdg8 22. Qxe6+ fxe6 23. g4 h5 24. f3 Kd7 25. Rd1 f5 26. e5 hxg4 27.
Kf2 gxh3 28. Ke2 Rg2+ 29. Kd3 h2 30. Re2 Rg1 31. Rxg1 hxg1=Q 32. exd6 Qd1+ 33.
Rd2 Qxf3+ 34. Kc4 Rg4+ 35. Rd4 Qd5+ 36. Kc3 Qxd4+ 37. Kb3 Qb4# 0-1

[Event "DEM U10/U10w 2004"]
[Site "Willingen GER"]
[Date "2004.06.02"]
[Round "6"]
[White "Rührmund, Daniel"]
[Black "Bialas, Daniel"]
[Result "0-1"]
[Termination "normal"]
[Board "30"]
[WhiteElo "1122"]
[BlackElo "982"]
[PlyCount "62"]
[WhiteFideId "24674583"]
[EventCountry "GER"]
[EventRounds "11"]
[EventType "swiss"]
[EventDate "2004.05.29"]

1. e4 e5 2. Nf3 Nf6 3. Nc3 Nc6 4. Bc4 Bc5 5. d3 d6 6. Bg5 h6 7. Bh4 Bg4 8. Nd5
g5 9. Bg3 Nd4 10. h4 Nxd5 11. Bxd5 c6 12. Bc4 Qf6 13. hxg5 hxg5 14. Rxh8+ Qxh8
15. Kd2 Qf6 16. Kc1 Nxf3 17. gxf3 Qxf3 18. Qg1 O-O-O 19. b3 d5 20. exd5 cxd5
21. Bb5 Ba3+ 22. Kd2 d4 23. Qe1 Bb4+ 24. c3 Bxc3+ 25. Kc2 Bxe1 26. Rxe1 Rd5 27.
Bc4 Rc5 28. b4 Rxc4+ 29. dxc4 Qc3+ 30. Kb1 Bf5+ 31. Re4 Bxe4# 0-1

[Event "DEM U10/U10w 2004"]
[Site "Willingen GER"]
[Date "2004.06.02"]
[Round "6"]
[White "Döring, Stefan"]
[Black "Malici, Nora"]
[Result "0-1"]
[Termination "normal"]
[Board "32"]
[WhiteElo "1113"]
[BlackElo "912"]
[PlyCount "54"]
[WhiteFideId "1272047"]
[EventCountry "GER"]
[EventRounds "11"]
[EventType "swiss"]
[EventDate "2004.05.29"]

1. e4 e5 2. Nf3 Nc6 3. Bc4 d6 4. d4 exd4 5. Nxd4 Nxd4 6. Qxd4 Qf6 7. Be3 c5 8.
Bb5+ Bd7 9. Bxd7+ Kxd7 10. Qxf6 Nxf6 11. Nc3 Re8 12. f3 d5 13. O-O-O d4 14. Ne2
Kc8 15. Bf4 Re6 16. c3 dxc3 17. Nxc3 Nh5 18. Be3 f5 19. Rd5 Rc6 20. Rxf5 Nf6
21. e5 Nd7 22. f4 g6 23. Rf7 Rg8 24. Rd1 Rg7 25. Rxf8+ Nxf8 26. Nb5 b6 27.
Nxa7+ 27... Rxa7 {Es folgte nun 28.Tc1 Tac7. Vermutlich wurde bei der grossen
Rochade der Koenig nach b1 gestellt.} 0-1

[Event "DEM U10/U10w 2004"]
[Site "Willingen GER"]
[Date "2004.06.02"]
[Round "6"]
[White "Barden, Andrea"]
[Black "Dietrich, Christoph"]
[Result "0-1"]
[Termination "normal"]
[Board "37"]
[WhiteElo "1115"]
[BlackElo "815"]
[PlyCount "56"]
[WhiteFideId "24698822"]
[EventCountry "GER"]
[EventRounds "11"]
[EventType "swiss"]
[EventDate "2004.05.29"]

1. c4 e5 2. Nc3 Nf6 3. g3 Bc5 4. Bg2 O-O 5. Nf3 e4 6. Ng5 Bxf2+ 7. Kxf2 Ng4+ 8.
Ke1 Qxg5 9. d4 e3 10. Rf1 Nc6 11. Rf3 d6 12. Kf1 Nxh2+ 13. Kg1 Nxf3+ 14. exf3
Qxg3 15. Bxe3 Bh3 16. Qe2 Bxg2 17. Qxg2 Qxg2+ 18. Kxg2 Rfe8 19. Bf4 Nxd4 20.
Nd5 Re2+ 21. Kg3 Rxb2 22. Re1 Re2 23. Rb1 Nf5+ 24. Kg4 Nh6+ 25. Kg5 Rg2+ 26.
Kh4 Nf5+ 27. Kh3 Rxa2 28. Re1 h6 0-1

[Event "DEM U10/U10w 2004"]
[Site "Willingen GER"]
[Date "2004.06.02"]
[Round "6"]
[White "Voggenreiter, Sara"]
[Black "Priese, Franziska"]
[Result "1-0"]
[Termination "normal"]
[Board "39"]
[WhiteElo "1150"]
[BlackElo "711"]
[PlyCount "123"]
[WhiteFideId "24615358"]
[EventCountry "GER"]
[EventRounds "11"]
[EventType "swiss"]
[EventDate "2004.05.29"]

1. e4 e5 2. Nf3 Nc6 3. d3 Nf6 4. Nc3 Bc5 5. Bg5 h6 6. Bh4 d6 7. Be2 Bg4 8. O-O
Qd7 9. Bxf6 gxf6 10. Nd5 O-O-O 11. Nxf6 Qe6 12. Nxg4 Qxg4 13. Nxe5 Qg7 14. Nxc6
bxc6 15. Bg4+ Kb8 16. b3 h5 17. Bh3 d5 18. exd5 cxd5 19. c4 Bd6 20. cxd5 Qe5
21. g3 Rhg8 22. Re1 Qd4 23. Kf1 Qxd5 24. Bg2 Qd4 25. Re2 Bb4 26. Re4 Qc3 27.
Rc1 Qb2 28. Rxb4+ Kc8 29. Bh3+ Rd7 30. Bxd7+ Kxd7 31. Rc5 Qa3 32. Rd5+ Kc6 33.
Rbd4 h4 34. Qc2+ Kb6 35. Qc4 a6 36. Qb4+ Qxb4 37. Rxb4+ Kc6 38. Rdd4 hxg3 39.
fxg3 a5 40. Rbc4+ Kb5 41. b4 Ka4 42. bxa5+ Kxa5 43. Rxc7 Rb8 44. Rxf7 Rb1+ 45.
Kg2 Rb2+ 46. Kh3 Rxa2 47. Rf5+ Kb6 48. Rg4 Rc2 49. Rg6+ Rc6 50. Rxc6+ Kxc6 51.
g4 Kd6 52. Rf1 Kd5 53. g5 Ke5 54. g6 Ke6 55. g7 Kd5 56. g8=Q+ Kd4 57. Qg3 Kd5
58. Rf4 Ke5 59. Qg5+ Kd6 60. Rf6+ Ke7 61. Qg7+ Ke8 62. Rf8# 1-0

[Event "DEM U10/U10w 2004"]
[Site "Willingen GER"]
[Date "2004.06.02"]
[Round "7"]
[White "Noe, Christopher"]
[Black "Wittke, Rene"]
[Result "0-1"]
[Termination "normal"]
[Board "2"]
[WhiteElo "1552"]
[BlackElo "1523"]
[PlyCount "68"]
[WhiteFideId "24692018"]
[BlackFideId "24640255"]
[EventCountry "GER"]
[EventRounds "11"]
[EventType "swiss"]
[EventDate "2004.05.29"]

1. d4 d5 2. c4 e6 3. Nf3 c6 4. Nc3 Nf6 5. Bg5 Nbd7 6. e3 Be7 7. Bd3 dxc4 8.
Bxc4 b5 9. Bd3 a6 10. O-O O-O 11. Rc1 c5 12. b3 Bb7 13. Re1 b4 14. Na4 Rc8 15.
Bxf6 Nxf6 16. Nxc5 Bxc5 17. Rxc5 Rxc5 18. dxc5 Bxf3 19. gxf3 Qd5 20. Bxa6 Qxc5
21. Bc4 Qg5+ 22. Kh1 Qh4 23. Qd2 Nd5 24. Bxd5 exd5 25. Rc1 Rd8 26. Rc7 Qh3 27.
Qd1 d4 28. Rc4 d3 29. Rd4 Rxd4 30. exd4 d2 31. Kg1 Qh6 32. Qc2 Qg6+ 33. Qxg6
fxg6 34. Kf1 d1=Q+ 0-1

[Event "DEM U10/U10w 2004"]
[Site "Willingen GER"]
[Date "2004.06.02"]
[Round "7"]
[White "Wang, Zhangxian"]
[Black "Ma, Beini"]
[Result "1-0"]
[Termination "normal"]
[Board "3"]
[WhiteElo "1598"]
[BlackElo "1312"]
[PlyCount "41"]
[BlackFideId "24630101"]
[EventCountry "GER"]
[EventRounds "11"]
[EventType "swiss"]
[EventDate "2004.05.29"]

1. e4 c5 2. Nf3 d6 3. d4 cxd4 4. Nxd4 Nf6 5. Nc3 g6 6. Be3 Bg7 7. f3 O-O 8. Qd2
Nc6 9. Bc4 Ne5 10. Bb3 a6 11. O-O-O Re8 12. g4 Bd7 13. h4 b5 14. h5 Qa5 15.
hxg6 hxg6 16. Bh6 Bh8 17. Bf8 Nh5 18. Bxe7 Ng3 19. Rxh8+ Kxh8 20. Qh6+ Kg8 21.
Bf6 1-0

[Event "DEM U10/U10w 2004"]
[Site "Willingen GER"]
[Date "2004.06.02"]
[Round "7"]
[White "Babayev, Ramil"]
[Black "Kaphle, Sebastian"]
[Result "0-1"]
[Termination "normal"]
[Board "4"]
[WhiteElo "1382"]
[BlackElo "1454"]
[PlyCount "90"]
[WhiteFideId "24664243"]
[BlackFideId "24626708"]
[EventCountry "GER"]
[EventRounds "11"]
[EventType "swiss"]
[EventDate "2004.05.29"]

1. e4 d6 2. d4 g6 3. Nc3 Bg7 4. f3 c6 5. Bc4 Nf6 6. Be3 Nbd7 7. Qd2 b5 8. Bd3
Nb6 9. Nge2 a6 10. a3 Nfd7 11. Bh6 O-O 12. h4 Re8 13. h5 Nf8 14. Bxg7 Kxg7 15.
hxg6 fxg6 16. Qh6+ Kf7 17. f4 e5 18. fxe5 dxe5 19. Rf1+ Kg8 20. dxe5 Rxe5 21.
Qf4 Qe7 22. Nd4 Bb7 23. Nf3 Re6 24. a4 Nd5 25. Nxd5 cxd5 26. e5 b4 27. Kd2 Nd7
28. Rae1 Rf8 29. Qg3 Re8 30. Ng5 Rxe5 31. Rf7 Qxg5+ 32. Qxg5 Rxg5 33. Rxd7
Rxg2+ 34. Kd1 Rxe1+ 35. Kxe1 Bc6 36. Rd6 Bxa4 37. Rxd5 Bxc2 38. Bxa6 Be4 39.
Rd4 Bf5 40. Rxb4 h5 41. Bb7 Rg4 42. Bd5+ Kg7 43. Rb7+ Kf6 44. b4 Be4 45. Rb6+
Ke5 0-1

[Event "DEM U10/U10w 2004"]
[Site "Willingen GER"]
[Date "2004.06.02"]
[Round "7"]
[White "Friedrich, Wiede"]
[Black "Zier, Oliver"]
[Result "1/2-1/2"]
[Termination "normal"]
[Board "5"]
[WhiteElo "1436"]
[BlackElo "1296"]
[PlyCount "55"]
[WhiteFideId "24629537"]
[BlackFideId "24631906"]
[EventCountry "GER"]
[EventRounds "11"]
[EventType "swiss"]
[EventDate "2004.05.29"]

1. Nf3 d5 2. d4 Nf6 3. Bf4 c6 4. e3 Bg4 5. c4 e6 6. Nc3 Bb4 7. a3 Ba5 8. b4 Bc7
9. Bxc7 Qxc7 10. Be2 O-O 11. O-O Nbd7 12. c5 Rfd8 13. h3 Bf5 14. Bd3 Bxd3 15.
Qxd3 a5 16. b5 b6 17. cxb6 Qxb6 18. bxc6 Qxc6 19. Rfc1 Qd6 20. Ne2 Nb6 21. Ne5
Nbd7 22. Nxd7 Nxd7 23. Rab1 Nb6 24. g3 Nc4 25. a4 Rab8 26. Nc3 Rdc8 27. Nb5 Qd7
28. Kg2 1/2-1/2

[Event "DEM U10/U10w 2004"]
[Site "Willingen GER"]
[Date "2004.06.02"]
[Round "7"]
[White "Kotainy, Jens"]
[Black "Schulz, Anja"]
[Result "1/2-1/2"]
[Termination "normal"]
[Board "7"]
[WhiteElo "1492"]
[BlackElo "1166"]
[PlyCount "177"]
[WhiteFideId "24670499"]
[BlackFideId "24647845"]
[EventCountry "GER"]
[EventRounds "11"]
[EventType "swiss"]
[EventDate "2004.05.29"]

1. e4 c5 2. Nc3 Nc6 3. f4 g6 4. Nf3 Bg7 5. d3 e6 6. g3 d6 7. Bg2 Nge7 8. O-O
O-O 9. Be3 b6 10. Bf2 Bb7 11. Qd2 f5 12. Rfe1 fxe4 13. Nxe4 e5 14. Neg5 Qd7 15.
c3 Nf5 16. Be3 Nce7 17. c4 d5 18. Nxe5 Bxe5 19. fxe5 dxc4 20. dxc4 Qxd2 21.
Bxd2 Bxg2 22. Kxg2 Nd4 23. Rac1 Rf5 24. g4 Rff8 25. Bc3 Nec6 26. Bxd4 Nxd4 27.
Rf1 h6 28. Ne4 Kg7 29. Nd6 Ne2 30. Rc2 Nf4+ 31. Kg3 Ne2+ 32. Kg2 Nf4+ 33. Kh1
Nd3 34. Rxf8 Rxf8 35. Re2 Nf2+ 36. Kg2 Nxg4 37. h3 Nxe5 38. Rxe5 Rd8 39. Rd5
Rf8 40. Nb5 Rf7 41. Rd6 Re7 42. Kf2 Rf7+ 43. Ke2 Re7+ 44. Kd2 Rf7 45. Re6 h5
46. Nc3 Kh6 47. h4 Rd7+ 48. Ke3 Rd4 49. Re4 Rd7 50. Nd5 b5 51. b3 a5 52. Re7
Rd8 53. Rc7 Re8+ 54. Kf3 Rf8+ 55. Kg3 bxc4 56. bxc4 a4 57. Rxc5 a3 58. Ra5 Rc8
59. Ne3 Re8 60. Kf3 Rf8+ 61. Ke4 Re8+ 62. Kd4 Rd8+ 63. Rd5 Rb8 64. Rb5 Rd8+ 65.
Nd5 Ra8 66. c5 Ra4+ 67. Rb4 Ra8 68. c6 Rc8 69. c7 g5 70. Rb8 Rxc7 71. Nxc7 gxh4
72. Rb3 Kg5 73. Ke3 h3 74. Kf2 Kg4 75. Kg1 h2+ 76. Kxh2 h4 77. Rxa3 h3 78. Rxh3
Kf4 79. a4 Ke5 80. Rh6 Ke4 81. a5 Ke5 82. a6 Kf5 83. a7 Ke5 84. a8=Q Kf4 85.
Qd5 Ke3 86. Re6+ Kf4 87. Qe4+ Kg5 88. Rg6+ Kh5 89. Qg4# 1/2-1/2

[Event "DEM U10/U10w 2004"]
[Site "Willingen GER"]
[Date "2004.06.02"]
[Round "7"]
[White "Leach, Julien"]
[Black "Dünzel, Jonas"]
[Result "0-1"]
[Termination "normal"]
[Board "8"]
[WhiteElo "1232"]
[BlackElo "1433"]
[PlyCount "110"]
[BlackFideId "24631167"]
[EventCountry "GER"]
[EventRounds "11"]
[EventType "swiss"]
[EventDate "2004.05.29"]

1. Nf3 c5 2. d3 Nc6 3. g3 d6 4. Bg2 g6 5. O-O Bg7 6. c3 Nf6 7. h3 Bd7 8. Be3
Qc8 9. Kh2 Rb8 10. Nbd2 a6 11. a3 b5 12. Rb1 O-O 13. Qc2 a5 14. Rfc1 b4 15.
axb4 axb4 16. c4 Nd8 17. b3 Rb6 18. Nf1 Ne8 19. Rd1 Ra6 20. Qc1 Nc6 21. Bh6 Qa8
22. Bxg7 Kxg7 23. Ra1 Nf6 24. Rxa6 Qxa6 25. Qa1 Ra8 26. Qxa6 Rxa6 27. N1d2 Ra3
28. e3 Na5 29. Rb1 h6 30. d4 Bf5 31. Rb2 Ne4 32. Nxe4 Bxe4 33. Nd2 Bxg2 34.
Kxg2 f5 35. Kf3 e5 36. dxe5 dxe5 37. h4 e4+ 38. Kg2 Kf6 39. Kf1 Ke5 40. Kg2 g5
41. hxg5 hxg5 42. Kf1 f4 43. gxf4+ gxf4 44. exf4+ Kxf4 45. Ke2 Nc6 46. Kf1 Nd4
47. Kg2 e3 48. fxe3+ Kxe3 49. Kf1 Kd3 50. Ke1 Nc2+ 51. Kd1 Ra1+ 52. Rb1 Ne3+
53. Ke1 Ng2+ 54. Kd1 Ra2 55. Nf3 Ne3+ 0-1

[Event "DEM U10/U10w 2004"]
[Site "Willingen GER"]
[Date "2004.06.02"]
[Round "7"]
[White "Rafayevych, Vilen"]
[Black "Osmanodja, Filiz"]
[Result "0-1"]
[Termination "normal"]
[Board "9"]
[WhiteElo "1425"]
[BlackElo "1219"]
[PlyCount "58"]
[WhiteFideId "24673897"]
[BlackFideId "24633569"]
[EventCountry "GER"]
[EventRounds "11"]
[EventType "swiss"]
[EventDate "2004.05.29"]

1. d4 Nf6 2. c4 c5 3. d5 b5 4. e3 bxc4 5. Bxc4 d6 6. Nc3 g6 7. e4 Bg7 8. f3 O-O
9. Be3 Nbd7 10. Qd2 Nb6 11. Bb3 Nfd7 12. f4 f5 13. exf5 Rxf5 14. g4 Rf8 15. Bc2
Nc4 16. Qc1 Nxe3 17. Qxe3 Nb6 18. f5 Bxc3+ 19. Qxc3 gxf5 20. gxf5 Bxf5 21. Qg3+
Kh8 22. Qc3+ Kg8 23. Qg3+ Kh8 24. Qc3+ Rf6 25. Bxf5 Nxd5 26. Qd3 Qa5+ 27. Kf2
e6 28. Kg3 Rxf5 29. Qe4 Rg8+ 0-1

[Event "DEM U10/U10w 2004"]
[Site "Willingen GER"]
[Date "2004.06.02"]
[Round "7"]
[White "Riabov, Igor"]
[Black "Schätz, Annika"]
[Result "1-0"]
[Termination "normal"]
[Board "10"]
[WhiteElo "1353"]
[BlackElo "1139"]
[PlyCount "51"]
[BlackFideId "24674796"]
[EventCountry "GER"]
[EventRounds "11"]
[EventType "swiss"]
[EventDate "2004.05.29"]

1. e4 c5 2. Nf3 d6 3. d4 cxd4 4. Nxd4 Nf6 5. Nc3 g6 6. Bc4 Bg7 7. f3 O-O 8. Be3
Nc6 9. Qd2 Bd7 10. O-O-O Rc8 11. g4 Ne5 12. Bb3 Nc4 13. Bxc4 Rxc4 14. Bh6 Qb6
15. Bxg7 Kxg7 16. h4 h5 17. Nd5 Nxd5 18. exd5 hxg4 19. h5 Qb4 20. c3 Qa5 21.
hxg6 Rh8 22. Rxh8 Kxh8 23. Qh6+ Kg8 24. Qh7+ Kf8 25. g7+ Ke8 26. g8=Q# 1-0

[Event "DEM U10/U10w 2004"]
[Site "Willingen GER"]
[Date "2004.06.02"]
[Round "7"]
[White "Kazman, Caner"]
[Black "Lindner, Robert"]
[Result "0-1"]
[Termination "normal"]
[Board "11"]
[WhiteElo "1259"]
[BlackElo "1274"]
[PlyCount "47"]
[WhiteFideId "24684953"]
[BlackFideId "24658847"]
[EventCountry "GER"]
[EventRounds "11"]
[EventType "swiss"]
[EventDate "2004.05.29"]

1. e4 e6 2. d4 d5 3. Nc3 dxe4 4. Nxe4 Nd7 5. Bf4 Ngf6 6. Bd3 Nxe4 7. Bxe4 Nf6
8. Bd3 Bd6 9. Bd2 O-O 10. Qf3 e5 11. Bc3 Re8 12. dxe5 Bxe5 13. Bxe5 Rxe5+ 14.
Ne2 Qd5 15. Qf4 Qxg2 16. Rg1 Qxg1+ 17. Kd2 Rxe2+ 18. Bxe2 Qxa1 19. Qxc7 Be6 20.
Qxb7 Bd5 21. Qb4 Qh1 22. Qf4 Qe4 23. Qd6 Qd4+ 24. Kc1 0-1

[Event "DEM U10/U10w 2004"]
[Site "Willingen GER"]
[Date "2004.06.02"]
[Round "7"]
[White "Braun, Georg"]
[Black "Zimmermann, Gordon"]
[Result "0-1"]
[Termination "normal"]
[Board "12"]
[WhiteElo "1181"]
[BlackElo "1562"]
[PlyCount "76"]
[WhiteFideId "24629383"]
[BlackFideId "24624330"]
[EventCountry "GER"]
[EventRounds "11"]
[EventType "swiss"]
[EventDate "2004.05.29"]

1. d4 Nf6 2. c4 g6 3. Nc3 d5 4. Bg5 Ne4 5. Nxe4 dxe4 6. e3 Bg7 7. f3 c5 8. fxe4
cxd4 9. Qc2 Qa5+ 10. Qd2 Qxg5 11. Nf3 Qxe3+ 12. Qxe3 dxe3 13. O-O-O O-O 14. Re1
Rd8 15. Rxe3 Bh6 16. Kc2 Bxe3 17. Bd3 Nc6 18. a3 Be6 19. Re1 Bh6 20. Kc3 Bg7+
21. e5 Rac8 22. b3 b5 23. Re4 Bf5 24. Re3 Bxd3 25. Rxd3 Nxe5 26. Rxd8+ Rxd8 27.
Nd4 Nc6 28. cxb5 Nxd4 29. b6 axb6 30. b4 Rc8+ 31. Kd3 f5 32. a4 Kf7 33. a5 Nb3
34. a6 Rc3+ 35. Ke2 Bh6 36. a7 Nd4+ 37. Ke1 Be3 38. Kd1 Rc1# 0-1

[Event "DEM U10/U10w 2004"]
[Site "Willingen GER"]
[Date "2004.06.02"]
[Round "7"]
[White "Mertens, Fridolin"]
[Black "Gisy, Roberto"]
[Result "1-0"]
[Termination "normal"]
[Board "13"]
[WhiteElo "1449"]
[BlackElo "1229"]
[PlyCount "121"]
[WhiteFideId "24671940"]
[EventCountry "GER"]
[EventRounds "11"]
[EventType "swiss"]
[EventDate "2004.05.29"]

1. e4 e5 2. Nc3 Nf6 3. g3 Nc6 4. Bg2 Bb4 5. Nge2 O-O 6. O-O d6 7. h3 Be6 8. Nd5
Re8 9. c3 Ba5 10. a4 a6 11. d4 exd4 12. cxd4 Bxd5 13. exd5 Ne7 14. Nf4 Ng6 15.
Nxg6 hxg6 16. Bd2 Bxd2 17. Qxd2 Qd7 18. Rfc1 Rac8 19. b3 Re7 20. Qc2 Qe8 21.
Qd1 Re2 22. Rc2 Re7 23. Kf1 Nd7 24. Rac1 Qd8 25. Re2 Qe8 26. Qe1 Rxe2 27. Qxe2
Qxe2+ 28. Kxe2 g5 29. h4 gxh4 30. Bh3 Re8+ 31. Kf3 Nb6 32. Rxc7 hxg3 33. fxg3
Nxd5 34. Rxb7 Re3+ 35. Kf2 Rd3 36. Bf5 Rxb3 37. Rxb3 g6 38. Bd3 Kg7 39. Bxa6
Nf6 40. Bc4 d5 41. Be2 Ne4+ 42. Kg2 f5 43. a5 Nd6 44. a6 Nc8 45. Rb7+ Kf6 46.
a7 Nxa7 47. Rxa7 g5 48. Ra6+ Ke7 49. Bf3 g4 50. Bxd5 Kd7 51. Be6+ Kc7 52. d5
Kb7 53. Rc6 Kb8 54. d6 Kb7 55. Rc1 Kb8 56. d7 f4 57. d8=R+ Kb7 58. Rd2 f3+ 59.
Kf2 Kb6 60. Rb2+ Ka6 61. Ra1# 1-0

[Event "DEM U10/U10w 2004"]
[Site "Willingen GER"]
[Date "2004.06.02"]
[Round "7"]
[White "Berchtenbreiter, Maximilian"]
[Black "Müller, Tobias"]
[Result "1/2-1/2"]
[Termination "normal"]
[Board "14"]
[WhiteElo "1214"]
[BlackElo "1320"]
[PlyCount "65"]
[WhiteFideId "24641120"]
[BlackFideId "24643394"]
[EventCountry "GER"]
[EventRounds "11"]
[EventType "swiss"]
[EventDate "2004.05.29"]

1. e4 c5 2. c3 d6 3. d4 cxd4 4. cxd4 g6 5. Nc3 Bg7 6. Nf3 Nf6 7. Bc4 O-O 8. O-O
Nc6 9. h3 Bd7 10. Be3 b6 11. Qd2 e6 12. Rfd1 Qc8 13. Be2 Ne7 14. Rac1 Qb7 15.
Nh2 Rad8 16. f3 Bc6 17. Rc2 a6 18. Rdc1 b5 19. a3 Rc8 20. Bd3 Rfd8 21. Ne2 Bd7
22. Rxc8 Rxc8 23. Rxc8+ Qxc8 24. Qb4 Ne8 25. Nf1 Nc6 26. Qd2 Nc7 27. g4 f5 28.
Nfg3 fxg4 29. hxg4 e5 30. d5 Nd4 31. Nxd4 exd4 32. Bf4 Ne8 33. Qb4 1/2-1/2

[Event "DEM U10/U10w 2004"]
[Site "Willingen GER"]
[Date "2004.06.02"]
[Round "7"]
[White "Dötterl, Michael"]
[Black "Ohnmacht, Simon"]
[Result "1/2-1/2"]
[Termination "normal"]
[Board "15"]
[WhiteElo "1274"]
[BlackElo "1208"]
[PlyCount "100"]
[BlackFideId "24672980"]
[EventCountry "GER"]
[EventRounds "11"]
[EventType "swiss"]
[EventDate "2004.05.29"]

1. e4 d5 2. exd5 Nf6 3. Nc3 Nxd5 4. Nxd5 Qxd5 5. Qf3 e6 6. Qxd5 exd5 7. Nf3 Bc5
8. d4 Bb6 9. Bd3 O-O 10. O-O Re8 11. h3 Nc6 12. c3 Ne7 13. Re1 Bd7 14. Bf4 c6
15. Re2 Ng6 16. Bg3 Rxe2 17. Bxe2 Re8 18. Re1 c5 19. dxc5 Bxc5 20. Kf1 f5 21.
Bd3 Rxe1+ 22. Kxe1 f4 23. Bh4 Nxh4 24. Nxh4 g5 25. Nf5 Be8 26. Nd4 Bd7 27. b4
Bb6 28. f3 Bc7 29. Bc2 h5 30. Bb3 Bc6 31. Nxc6 bxc6 32. Kd2 Bd6 33. a4 Kf7 34.
b5 Ke6 35. bxc6 Be5 36. c4 dxc4 37. Bxc4+ Kd6 38. Bb5 Kd5 39. Kd3 Bc7 40. Bc4+
Kc5 41. Bb5 Kd5 42. Bc4+ Kxc6 43. Ke4 h4 44. Kf5 Bd8 45. Bb5+ Kd5 46. Bd7 Kd4
47. Ke6 Ke3 48. Kd5 Kf2 49. Kc6 Kxg2 50. Bg4 Kg3 1/2-1/2

[Event "DEM U10/U10w 2004"]
[Site "Willingen GER"]
[Date "2004.06.02"]
[Round "7"]
[White "Weißenburg, Isabel"]
[Black "Risius, Philipp"]
[Result "0-1"]
[Termination "normal"]
[Board "16"]
[WhiteElo "878"]
[BlackElo "1264"]
[PlyCount "26"]
[WhiteFideId "4612922"]
[BlackFideId "24630330"]
[EventCountry "GER"]
[EventRounds "11"]
[EventType "swiss"]
[EventDate "2004.05.29"]

1. e4 e5 2. Nf3 Nc6 3. Bc4 Bc5 4. b4 Bxb4 5. c3 Bd6 6. d4 Nf6 7. Qb3 O-O 8.
Bxf7+ Rxf7 9. Ng5 Qe7 10. Nxf7 Qxf7 11. Qc2 Qc4 12. Nd2 Nxd4 13. Qb2 Qe2# 0-1

[Event "DEM U10/U10w 2004"]
[Site "Willingen GER"]
[Date "2004.06.02"]
[Round "7"]
[White "Hager, Joshua Aarash"]
[Black "Fittkau, Nico"]
[Result "1/2-1/2"]
[Termination "normal"]
[Board "17"]
[WhiteElo "1193"]
[BlackElo "1253"]
[PlyCount "96"]
[WhiteFideId "24642789"]
[EventCountry "GER"]
[EventRounds "11"]
[EventType "swiss"]
[EventDate "2004.05.29"]

1. d4 e6 2. c4 Nf6 3. Nf3 d5 4. Nc3 Bb4 5. a3 Bxc3+ 6. bxc3 dxc4 7. e3 b5 8. a4
c6 9. Be2 O-O 10. O-O Nbd7 11. Qc2 Nb6 12. axb5 cxb5 13. Bd2 Bb7 14. Ra5 Qd5
15. Rb1 a6 16. Rba1 Qe4 17. Ne1 Qxc2 18. Nxc2 Ne4 19. Be1 Nd5 20. Bf3 Ng5 21.
Bxd5 exd5 22. Nb4 Ra7 23. R5a2 Rfa8 24. Ra5 f5 25. f3 Ne6 26. Bg3 Nd8 27. Bc7
Rc8 28. Bb6 Raa8 29. Bxd8 Rxd8 30. Nxa6 Bxa6 31. Rxa6 Rab8 32. Rb1 Rb7 33. Rb4
Re8 34. Kf2 g6 35. Ra2 Kf7 36. Rab2 Reb8 37. Kg3 Kf6 38. Re2 g5 39. h3 Re7 40.
Kf2 Re6 41. Reb2 Reb6 42. Ra2 Ke6 43. Ra7 R6b7 44. Ra6+ Ke7 45. Rh6 Ke8 46. Rd6
Rd7 47. Rf6 Rf7 48. Rd6 Rd7 1/2-1/2